Bezpečnostné fórum ´09 zborník príspevkov z II. medzinárodnej vedeckej konferencie v Banskej Bystrici 21. apríla 2009
| Corporate Author: | |
|---|---|
| Other Authors: | |
| Format: | Conference Proceeding Book |
| Language: | Slovak Czech English |
| PhysicalDescription: | 231 s. mp., sch., tab. 20 cm |
| Published: |
Banská Bystrica
Fakulta politických vied a medzinárodných vzťahov UMB
2009
|
| ISBN: | 9788080837907 (brož.) |
| Edition: | 1. vyd. |
| Subjects: |
MARC
| LEADER | 00000cam a2200000 a 4500 | ||
|---|---|---|---|
| 001 | vtls009967921 | ||
| 003 | SK-MaSNL | ||
| 005 | 20260302044409.0 | ||
| 008 | 160610s2008 xo bl f a 100 0 slo | ||
| 020 | |a 9788080837907 (brož.) | ||
| 035 | |a A2D9E58A-9950-4CF6-993B-BFA5651699D7 | ||
| 035 | |a urn:nbn:sk:snk-aml4aq | ||
| 035 | |a urn:nbn:sk:snk-am008wtj | ||
| 040 | |a SNK |b slo |c SNK |e AACR2 | ||
| 041 | 0 | |a slo |a cze |a eng |b eng |b slo | |
| 044 | |a xo |c SK | ||
| 072 | 7 | |a 355/359 |x Vojenstvo. Obrana krajiny. Ozbrojené sily |2 konspekt | |
| 072 | 7 | |a 327 |x Medzinárodné vzťahy, svetová politika |2 konspekt | |
| 080 | |a 327.5 |2 2001 | ||
| 080 | |a 327 |2 2001 | ||
| 080 | |a 355.02 |2 2001 | ||
| 080 | |a (062.534) |2 2001 | ||
| 111 | 2 | |a Bezpečnostné fórum |n (2. : |d 2009 : |c Banská Bystrica, Slovensko) |9 131558 | |
| 245 | 1 | 0 | |a Bezpečnostné fórum ´09 |b zborník príspevkov z II. medzinárodnej vedeckej konferencie v Banskej Bystrici 21. apríla 2009 |c [editori: Jana Lasicová ... [et al.]] |
| 250 | |a 1. vyd. | ||
| 260 | |a Banská Bystrica |b Fakulta politických vied a medzinárodných vzťahov UMB |c 2009 | ||
| 300 | |a 231 s. |b mp., sch., tab. |c 20 cm | ||
| 366 | |e 150 výt. | ||
| 504 | |a Bibliogr. odkazy | ||
| 546 | |a Text aj čes. a angl. Res. slov. a angl. | ||
| 650 | 0 | 7 | |a medzinárodná bezpečnosť |2 SNKPH |9 2672 |
| 650 | 0 | 7 | |a medzinárodné vzťahy |2 SNKPH |9 3690 |
| 650 | 0 | 7 | |a bezpečnostná politika |2 SNKPH |9 1647 |
| 650 | 0 | 7 | |a International security |2 SNKPHeng |9 311361 |
| 650 | 0 | 7 | |a International relations |2 SNKPHeng |9 265830 |
| 650 | 0 | 7 | |a Security policy |2 SNKPHeng |9 268398 |
| 655 | 7 | |a zborníky konferencií |2 SNKPH |9 70153 | |
| 655 | 7 | |a Proceedings of conferences |2 SNKPHeng |9 265791 | |
| 700 | 1 | |a Lasicová, Jana, |d 1946- |4 edt |9 315260 | |
| 710 | 2 | |a Univerzita Mateja Bela v Banskej Bystrici. |b Fakulta politických vied a medzinárodných vzťahov. |b Katedra bezpečnostných štúdií |4 pbl |9 126053 | |
| 852 | |a Štátna vedecká knižnica v Banskej Bystrici | ||
| 919 | |a 978-80-8083-790-7 | ||
| 958 | |a OND | ||
| 958 | |a NB | ||
| 968 | |d 32 | ||
| 999 | |c 1089545 |d 1091475 | ||
| 952 | |a SNK |b SNK |y PREZ |7 0 |p 17A0638289 |o snkSC 137885 |i snk2009/20428 |8 0 |0 0 |1 0 |4 0 |d 2009-11-16 |f 1 |l 0 |r 2025-07-04 00:00:00 |w 2026-02-24 | ||
| 952 | |a SNK |b SNK |y VYP |7 0 |p 17A0638288 |o snkSC 137885 D1 |i snk2009/20429 |8 0 |0 0 |1 0 |4 0 |d 2009-11-16 |l 0 |r 2026-02-24 16:53:17 |w 2026-02-24 | ||


